The tributes of the 75th and 74th hunger games - Statistics

General Stats
  • This quiz has been taken 238 times
  • The average score is 18 of 21
Answer Stats
Hint Answer % Correct
Young girl katniss makes an alliance with. 74th Rue
100%
Main character. District 12. 74th and 75th Katniss
99%
Male tribute from district 12. 74th and 75th Peeta
99%
Brutal district 2 male in the 74th Cato
98%
Killed by nightlock berries in the 74th Foxface
98%
Killed by tracker jackers in the 74th Glimmer
98%
Trident wielding district 4 male. 75th Finnick
96%
Male tribute from district 11 who killed question 4. 74th Thresh
94%
District 2 female skilled in dagger throwing. 74th Clove
93%
Won her games by pretending she was weak. District 7 female, 75th Johanna
92%
Elderly district 4 female. 75th Mags
92%
Incredibly smart district 3 male in the 75th Beetee
91%
Overconfident district 1 male in the 74th Marvel
89%
Figured out the arena was a clock. District 3 female. 75th Wiress
89%
Very strong district 2 tribute in the 75th Brutus
86%
Sharp toothed district 2 female. 75th Enobaria
81%
Sister to above Cashmere
73%
District 1 male in the 75th Gloss
71%
Killed by Brutus in the 75th. District 11 male. Chaff
51%
Died by hitting a force field. District 7 male. 75th Blight
48%
One of haymitches friends. District 11 female. 75th Seeder
47%
No matching quizzes found
Score Distribution
Percent of People with Each Score
Percentile by Number Answered
Your Score History
You have not taken this quiz